Countries containing the letter K - Statistics

General Stats
  • This quiz has been taken 124 times
    73 since last reset
  • The average score is 17 of 20
Answer Stats
Hint Answer % Correct
europe kosovo
96%
asia kyrgyzstan
96%
asia kazakhstan
94%
africa kenya
94%
asia uzbekistan
91%
asia turkmenistan
89%
europe united kingdom
89%
oceania kiribati
87%
asia pakistan
85%
asia tajikistan
85%
asia turkey
85%
europe ukraine
85%
asia kuwait
81%
europe slovakia
76%
asia north korea
74%
asia south korea
74%
asia sri lanka
72%
europe denmark
69%
central america saint kitts and nevis
69%
africa burkina faso
65%
No matching quizzes found
Score Distribution
Percent of People with Each Score
Percentile by Number Answered
Your Score History
You have not taken this quiz since the last reset